Library Logo

A history of Chittagong : (Record no. 197325)

000 -LEADER
fixed length control field 01012nam a2200289 a 4500
001 - CONTROL NUMBER
control field 4830527
003 - CONTROL NUMBER IDENTIFIER
control field BD-DhUL
005 - DATE AND TIME OF LATEST TRANSACTION
control field 20170516085159.0
008 - FIXED-LENGTH DATA ELEMENTS--GENERAL INFORMATION
fixed length control field 890630s1988 bg b b 000 0 eng d
010 ## - LIBRARY OF CONGRESS CONTROL NUMBER
LC control number 89901972
025 ## - OVERSEAS ACQUISITION NUMBER
Overseas acquisition number B E 5715
040 ## - CATALOGING SOURCE
Original cataloging agency DLC
Transcribing agency DLC
Modifying agency DLC
-- BD-DhUL
043 ## - GEOGRAPHIC AREA CODE
Geographic area code a-bg---
050 00 - LIBRARY OF CONGRESS CALL NUMBER
Classification number DS396.8.C43
Item number K36 1988
082 00 - DEWEY DECIMAL CLASSIFICATION NUMBER
Classification number 954.923
Edition number
Item number QAH
100 1# - MAIN ENTRY--PERSONAL NAME
Personal name Kānunago, Sunīti Bhūshaṇa.
245 12 - TITLE STATEMENT
Title A history of Chittagong :
Statement of responsibility, etc. Suniti Bhushan Qanungo.
Remainder of title vol. 1 /
260 ## - PUBLICATION, DISTRIBUTION, ETC. (IMPRINT)
Place of publication, distribution, etc. Chittagong, Bangladesh :
Name of publisher, distributor, etc. Dipankar Qanungo :
-- Distributors, Signet Library,
Date of publication, distribution, etc. 1988.
300 ## - PHYSICAL DESCRIPTION
Extent v. :
Other physical details maps ;
Dimensions 22 cm.
500 ## - GENERAL NOTE
General note Revision of the author's thesis (doctoral)
500 ## - GENERAL NOTE
General note With reference to the whole of Chittagong District, Bangladesh.
504 ## - BIBLIOGRAPHY, ETC. NOTE
Bibliography, etc Bibliography: v. 1, p. [641]-670.
505 1# - FORMATTED CONTENTS NOTE
Formatted contents note v. 1. From ancient times down to 1761.
651 #0 - SUBJECT ADDED ENTRY--GEOGRAPHIC NAME
Geographic name Chittagong District (Bangladesh)
General subdivision History.
906 ## - LOCAL DATA ELEMENT F, LDF (RLIN)
a 7
b cbc
c orignew
d 2
e ncip
f 19
g y-gencatlg
942 ## - ADDED ENTRY ELEMENTS (KOHA)
Source of classification or shelving scheme
Koha item type Books
Holdings
Price effective from Date last seen Permanent Location Not for loan Date acquired Source of classification or shelving scheme Koha item type Lost status Withdrawn status Source of acquisition Collection code Damaged status Shelving location Barcode Current Location Full call number
2017-05-162017-05-16Dhaka University LibraryNot For Loan2017-05-16 Books  GiftReference Dr. Aftab Ahmed Collection428016Dhaka University Library954.923 QAH
Last Updated on September 15, 2019
© Dhaka University Library. All Rights Reserved|Staff Login